Rodný dom gen. M. R. Štefánika na Košariskách podľa pôvodného leptu Jar. Hlaváča

Zobrazenie: rodný dom gen. M. R. Štefánika

Bibliographic Details
Format: Postcard
Language:Slovak
PhysicalDescription:1 pohľadnica čiernobiela 9 x 14 cm
Published: [Slovensko?] [vydavateľ neznámy] [medzi 1905 a 1930?]
Subjects:

MARC

LEADER 00000nkm a2200000 a 4500
001 vtls011603446
003 SK-MaSNL
005 20260512122215.0
007 kp bo
008 200701q1905 xo g kuslo
015 |a SNBG 
040 |a SNK  |b slo  |c SNK  |e AACR2 
041 0 |a slo 
043 |a e-xo--- 
044 |a xo  |c SK 
080 |a (084.121)72/76  |2 2011 
080 |a 913(437.6)  |2 2001 
080 |a 72/76(437.3)  |2 2011 
080 |a 728.1-027.61  |2 2001 
100 1 |a Hlaváč, Jaroslav  |4 art  |9 345327 
245 1 0 |a Rodný dom gen. M. R. Štefánika na Košariskách  |h grafika  |b podľa pôvodného leptu Jar. Hlaváča 
260 |a [Slovensko?]  |b [vydavateľ neznámy]  |c [medzi 1905 a 1930?] 
300 |a 1 pohľadnica  |b čiernobiela  |c 9 x 14 cm 
520 8 |a Zobrazenie: rodný dom gen. M. R. Štefánika 
600 1 7 |a Štefánik, Milan Rastislav,  |d 1880-1919  |2 SNKMA  |9 86219 
650 0 7 |a české výtvarné umenie  |2 SNKPH  |9 68920 
650 0 7 |a rodné domy  |2 SNKPH  |9 91319 
651 7 |a Košariská (Slovensko)  |2 SNKPH  |9 75537 
655 7 |a pohľadnice umeleckých diel  |2 SNKPH  |9 81593 
958 |a GBN 
958 |a OND 
958 |a GC 
999 |c 590639  |d 592569 
952 |a SNK  |b SNK  |y PREZ  |7 0  |p 17A1212639  |o snkSP 15679  |0 0  |1 0  |4 0  |d 2017-01-11  |f 1  |l 0  |r 2026-02-23 15:23:01  |w 2026-02-23